| 000 | 00862cam a22002534a 4500 | ||
|---|---|---|---|
| 001 | 11979614 | ||
| 005 | 20180309075213.0 | ||
| 008 | 000419s2001 ctu b 001 0 eng | ||
| 010 | _a 00032376 | ||
| 020 | _a0275963438 (alk. paper) | ||
| 040 |
_aDLC _cDLC _dDLC |
||
| 041 | _aeng | ||
| 042 | _apcc | ||
| 043 | _af------ | ||
| 080 | _a361.1096 | ||
| 082 | 0 | 0 |
_a361.1096 RWO _221 |
| 100 | _a50 | ||
| 101 | _aSOC | ||
| 245 | 0 | 0 |
_aSocial problems in Africa : _cedited by Apollo Rwomire. |
| 504 | _aIncludes bibliographical references and index. | ||
| 906 |
_a7 _bcbc _corignew _d1 _eocip _f20 _gy-gencatlg |
||
| 942 |
_2ddc _cBK |
||
| 999 |
_c44600 _d44600 |
||